000 00925nac a22002777a 4500
001 BR6300190
003 BR-BrBNA
005 20240105113252.0
008 230509b bl.|||m| |||| 00| 0 por d
040 _aBR-BrBNA
_bpor
_cBiblioteca Nacional de Agricultura
072 _aF00
090 _a0180 BR6300190
100 1 _aBaldanzi, G.
100 1 _aAmaral, R.S.F. do
110 1 _aSecretaria de Estado dos Negocios da Agricultura, Curitiba, PR (Brasil). Depto. da Producao Vegetal
_98943
245 1 _aO sarraceno [trigo, Brasil]
260 3 _aCuritiba, PR (Brasil):
_c1963.
300 _a55 p.
490 _aBoletim Tecnico - Secretaria de Estado dos Negocios da Agricultura. Depto. da Producao Vegetal (Brazil)
_vno. 2
_x
500 _aBibliography p. 51-55 (75 ref.)
650 _aTRIGO
650 _aSARRACENO
650 _aPARANA
909 _a202312
_bLúcia Elande
_c55
_dLúcia Elande
942 _2AGRIS
_n0
_cMS
999 _c262796
_d262796